00309nam a22001217a 4500020001800000040000900018082001800027100002800045245002100073260004300094300002300137650002700160 a9789693510911 cNUST a891.4397bBUT aButt, Dr Muhammad Yunus aShanakhat Parade aLAHOREbSang-E-Meel Publicationsc2011 b131P, :With Photo 2Urdu Literature-Staire